Normal view
MARC view
- Tipler, Paul Allen
Entry Personal Name
001 - CONTROL NUMBER
- control field: 103975
003 - CONTROL NUMBER IDENTIFIER
- control field: NUST
005 - DATE AND TIME OF LATEST TRANSACTION
- control field: 20221202103221.0
008 - FIXED-LENGTH DATA ELEMENTS
- fixed length control field: 221202|| aca||aabn | a|a d
040 ## - CATALOGING SOURCE
- Original cataloging agency: NUST
- Transcribing agency: NUST
100 ## - HEADING--PERSONAL NAME
- Personal name: Tipler, Paul Allen
670 ## - SOURCE DATA FOUND
- Source citation: Work cat.: (NUST)184476: Tipler, Paul Allen,, Modern physics / , 1978.
